| 000 | 01278nam a2200349Ia 4500 | ||
|---|---|---|---|
| 003 | OSt | ||
| 005 | 20221007123425.0 | ||
| 006 | a|||||r|||| 00| 0 | ||
| 007 | ta | ||
| 008 | 221006b |||||||| |||| 00| 0 eng d | ||
| 020 |
_a9971513544 (pbk) _c _ 7.50 |
||
| 024 | _a11109 | ||
| 037 |
_bMonika, _cTextual |
||
| 040 |
_aPAPL _cPAPL _beng |
||
| 041 |
_2eng _aeng |
||
| 082 | _aD65,22:4, P1 | ||
| 100 | _aGray Paul R | ||
| 245 | 0 |
_aAnalysis and design of analog integrated circuits by Paul R Gray and others _b Hurst Paul J Lewis Stephen H Meyer Robert |
|
| 250 | _aEd 4 | ||
| 260 |
_aNew _bYork John Wiley Sons, Inc. _c2001 |
||
| 300 |
_axviii, 875p _ccm. |
||
| 500 | _a (Reprinted in 2003); ; Index 865-875p; ^n23/CSL/CARPA/2003-2004/969^d2003-11-10^mPurchase; ; 2003-04/508^b2003-11-24^c505^d2003-11-17^eRs.7,403.00^fMonika Book Distributors; ; 2004-01-08^bSB^c2004-01-08^dVinay | ||
| 650 |
_a Circuits _9473600 |
||
| 650 | _a Design | ||
| 650 |
_a Integrated _9717212 |
||
| 650 | _aElectronics | ||
| 700 | _a Hurst Paul J | ||
| 700 |
_a Lewis Stephen H _9717213 |
||
| 700 |
_a Meyer Robert _9717214 |
||
| 942 |
_hD65,22:4, P1 _cTEXL _2CC |
||
| 999 |
_c1211850 _d1211850 |
||